| 000 | 00747nam a2200265Ia 4500 | ||
|---|---|---|---|
| 003 | OSt | ||
| 005 | 20221006144111.0 | ||
| 006 | a|||||r|||| 00| 0 | ||
| 007 | ta | ||
| 008 | 221006b |||||||| |||| 00| 0 eng d | ||
| 020 | _c75.00 | ||
| 024 | _a10,873 | ||
| 037 | _cTextual | ||
| 040 |
_aEASL _cEASL _beng |
||
| 041 |
_2eng _aeng |
||
| 082 | _aQ4-43, L8 | ||
| 100 | _aWADDELL L. Austine | ||
| 245 | 0 |
_aBuddhism and Lamaism of Tibet _b With its mystic cults, symbolism oand mythology, and in its relation to Indian Buddhism |
|
| 260 |
_aJullundur _bAsian Pub India _c1978 |
||
| 300 |
_a598p. _ccm. |
||
| 490 | _v Gen | ||
| 650 | _aGen | ||
| 942 |
_hQ4-43, L8 _cTEXL _2CC |
||
| 999 |
_c1078959 _d1078959 |
||